Industrial electrochemistry. (2nd ed.) (Record no. 46714)

MARC details
000 -LEADER
fixed length control field 00674nam a2200193 a 4500
008 - FIXED-LENGTH DATA ELEMENTS--GENERAL INFORMATION
fixed length control field 060316s1993 ||||||||||||||||| || u
020 ## - INTERNATIONAL STANDARD BOOK NUMBER
International Standard Book Number 075140148X
050 ## - LIBRARY OF CONGRESS CALL NUMBER
Classification number TP 255 Ple
100 ## - MAIN ENTRY--PERSONAL NAME
Personal name Pletcher, Derek
245 10 - TITLE STATEMENT
Title Industrial electrochemistry. (2nd ed.)
250 ## - EDITION STATEMENT
Edition statement 2nd ed.
260 ## - PUBLICATION, DISTRIBUTION, ETC.
Place of publication, distribution, etc. London
Name of publisher, distributor, etc. Blackie Academic and Professional
Date of publication, distribution, etc. 1993
300 ## - PHYSICAL DESCRIPTION
Extent xvi, 653 p. : ill.
350 ## - PRICE (NR) (BK AM CF MU VM SE) [OBSOLETE]
Price 0.00
500 ## - GENERAL NOTE
General note Includes bibliographical references
650 ## - SUBJECT ADDED ENTRY--TOPICAL TERM
Topical term or geographic name entry element ELECTROCHEMISTRY, INDUSTRIAL
700 ## - ADDED ENTRY--PERSONAL NAME
Personal name Walsh, Frank
995 ## - RECOMMENDATION 995 [LOCAL, UNIMARC FRANCE]
-- 0.00
-- CBU-MAIN LIBRARY (Kitwe)
-- 1
-- 31.99
-- 1
-- OUT
-- Main Library Open Access Collection
Holdings
Withdrawn status Lost status Source of classification or shelving scheme Damaged status Not for loan Home library Current library Shelving location Date acquired Total Checkouts Full call number Barcode Date last seen Price effective from Koha item type
          CBU-MAIN LIBRARY, KITWE. CBU-MAIN LIBRARY, KITWE.   11/30/2022   TP 255 Ple 38727 11/30/2022 11/30/2022 MONOGRAPH